Nuevo diccionario bilingüe de economía y empresa inglés-espaňol, espaňol-inglés

Guardado en:
Detalles Bibliográficos
Autor principal: Lozano Irueste, José Maria
Formato: Libro
Lenguaje:español
inglés
Publicado: Madrid Ediciones Pirámide 1996
Edición:4. ed.
Materias:
Etiquetas: Agregar Etiqueta
Sin Etiquetas, Sea el primero en etiquetar este registro!

MARC

LEADER 00000nam a2200000 4500
001 c131351
005 20221221083103.5
020 |a 84-368-0757-X 
041 0 |a spa 
041 0 |a eng 
044 |a ES 
245 1 0 |a Nuevo diccionario bilingüe de economía y empresa  |b inglés-espaňol, espaňol-inglés  |c José Maria Lozano Irueste 
250 |a 4. ed. 
264 1 |a Madrid  |b Ediciones Pirámide  |c 1996 
300 |a 901 s. 
610 2 0 |a jazykoveda 
610 2 0 |a terminológia 
610 2 0 |a jazyky cudzie 
610 2 0 |a ekonómia 
610 2 0 |a podnikanie 
610 2 0 |a obchod 
100 1 |a Lozano Irueste, José Maria